Statistics for Квиз о Тајланду

Click here to take the quiz!

General Stats

  • This quiz has been taken 47 times
  • The average score is 9 of 20

Answer Stats

ОписОдговор% Correct
Главни градБангкок
91%
Највећа религијаБудизам
91%
Природна катастрофа која је задесила Тајланд 2004.Цунами
86%
Државе са којима се граничиКамбоџа
74%
Државе са којима се граничиЛаос
74%
Државе са којима се граничиМјанмар
67%
Државе са којима се граничиМалезија
60%
Најважнији усевПиринач
60%
Стари назив за ТајландСијам
58%
Полуострво на коме се налазиИндокина
53%
Велика река на источној границиМеконг
47%
У Тајланду, озбиљан је злочин говорити лоше о овој особиО краљу
35%
Друга највећа етничка групаХан Кинези
28%
Света животињаБели {слон}
26%
Национални спортМуај Тај
23%
Море на западу ТајландаАндаманско море
21%
Острво које је туристички центар ове државеПукет
16%
Државна валутаБат
12%
Назив града на локалном језику (кратка верзија)Крунг Теп
2%
Печене нудле са пиринчем, често се представља као национално јелоПад Тај
0%

Score Distribution

Percentile by Number Answered

Percent of People with Each Score

Your Score History

You have not taken this quiz